000 00514nam a2200181Ia 4500
008 220216s9999 xx 000 0 und d
100 _aAbraham J
245 0 _aSoil nutrient status during the immature phase of growth in a Hevea plantation
260 _bIndian Journal of Natural Rubber Research
_c2001
300 _a170-172
650 _aGrowth
650 _aHevea plantation
650 _aImmature phase
650 _aSoil nutrient status
700 _aPhilip A
700 _aPunnoose K I
942 _cJS
999 _c68851
_d68851